000 00535nam a2200181Ia 4500
005 20250508154445.0
008 008 250505s9999 xx 000 0 eng d
037 _aBooks to be hide in OPAC
040 _aFEDL
_beng
_cFEDL
041 _aeng
_2eng
084 _a371.2, MUR/O
_qFEDL
100 _aMurray G A
_9765479
245 0 _aTeacher's guide to the school regional survey
260 _aBombay, India
_bOrient Longman Pvt. Ltd.
_c1962
300 _a27p.
942 _cHB
_h371.2, MUR/O
999 _c1350364
_d1350364